00373nam a2200121Ia 4500008004100000041000800041082000800049100001400057245002400071260003900095999001900134952009800153231212s1979 xx 000 0 und d aeng a541 aSpia Mure aTheoretic Mechanics aSingapourebTechnical Bureauc1979 c957192d957192 00104070aITMbITMd2023-12-13g4.00l0o541pITM-P-44r2023-12-13 00:00:00w2023-12-13yBK